L'Estonie pour les touristes... - Facile - Statistiques

Statistiques générales
  • Ce quiz a été pris 19 fois
  • Le résultat moyen est 10 sur 20
Statistiques - réponses
Question Réponses Indice facile % Correct
Quelle est la langue officielle ? Estonien E
100%
Quelles autres langues sont répandues ? Russe R
94%
La conduite se fait à droite ou à gauche ? Droite
88%
Quelle est la monnaie ? Euro E
88%
Dans la capitale y-a-t-il un décalage horaire avec Paris ? (oui/non) Oui
88%
Le taux d'alcoolémie toléré au volant est de {0.2} g/l
75%
Quelles autres langues sont répandues ? Anglais GB
75%
La vitesse hors agglomération est limitée à {90} km/h
69%
Quelles autres langues sont répandues ? Allemand D
69%
Quelles autres langues sont répandues ? Français F
69%
Achats à faire 1/ Contenant à bière Chope PECHO
50%
Quelles sont les principales villes touristiques ? Tallinn
44%
Achats à faire Bouleau OALUBUE
31%
Le suffixe internet est ee
31%
Quelles sont les principales villes touristiques ? N Narva RYANA
25%
Quelles sont les principales villes touristiques ? P Parnu NARPU
25%
Quelles sont les principales villes touristiques ? T Tarlu LUTAR
19%
Achats à faire 2/ Objets en bois de Genévrier EIRVENEGR
6%
On peut y visiter le parc national de Lamhemaa LAMEAAHM
0%
La religion majoritaire est luthéranisme L
0%
Aucun quiz correspondant
Distribution des résultats
% des personnes avec chaque résultat
Percentile par nombre de réponses
Votre historique - résultats
Vous n’avez pas pris ce quiz